[Event "ReChallenge"]
[Site "http://www.queenalice.com/game.php?id=1389721"]
[Date "2015.10.18"]
[Round "-"]
[White "Teenho"]
[Black "BrunoWLP"]
[Result "1-0"]
[WhiteElo "1426"]
[BlackElo "1500"]

1. e4 d6 2. Nc3 Nf6 3. Bc4 g6 4. d4 Bg7 5. Nf3 Nbd7 6. Bf4 O-O 7. e5 dxe5 8.
dxe5 Nh5 9. Qd4 c5 10. Qe3 Qa5 11. Bh6 e6 12. O-O Nb6 13. b3 Nxc4 14. bxc4 Rd8
15. Bxg7 Kxg7 16. Rfd1 Rxd1+ 17. Nxd1 Bd7 18. g4 f5 19. gxh5 Bc6 20. h6+ Kf8 21.
Ng5 Ke7 22. Nxh7 f4 23. Qe2 Rh8 24. Nf6 g5 25. Nd5+ exd5 26. cxd5 Bxd5 27. e6
Rxh6 28. Qe5 Rg6 29. Qxd5 Qe1+ 30. Kg2 f3+ 31. Qxf3 Rf6 32. Qxb7+ Kxe6 33. Qc6+
Kf7 34. Qxc5 Qe4+ 35. Kf1 Kg6 36. Rb1 Re6 37. Ne3 Rf6 38. Rb4 Qh1+ 39. Ke2 Qxh2
40. Ng4 Re6+ 41. Kd2 Rd6+ 42. Rd4 Qf4+ 43. Kc3 Qf3+ 44. Kc4 1-0

[Event "Let's Play Chess!"]
[Site "http://www.queenalice.com/game.php?id=1389773"]
[Date "2015.10.19"]
[Round "-"]
[White "magalhaes_br"]
[Black "BrunoWLP"]
[Result "0-1"]
[WhiteElo "1431"]
[BlackElo "1688"]

1. c4 Nf6 2. Nc3 d6 3. b3 g6 4. d3 Bg7 5. Bb2 O-O 6. h3 e5 7. e4 Nc6 8. Nf3 Bd7
9. a3 a6 10. Nh2 Re8 11. Qf3 Nd4 12. Qd1 Nh5 13. a4 Nf4 14. g3 Nfe6 15. Qd2 Nxb3
16. Qd1 Nxa1 17. Qxa1 Nd4 18. Qc1 c5 19. Qd1 Rb8 20. Bg2 b5 21. Qd2 bxa4 22. Ba3
Rb3 23. Bb2 Qa5 24. O-O Reb8 25. Rb1 Rxc3 26. Nf1 Qb4 27. Qxc3 Qxc3 28. Bxc3
Rxb1 29. f4 Ne2+ 30. Kf2 Nxc3 31. Kg1 a3 0-1

[Event "Let's Play Chess!"]
[Site "http://www.queenalice.com/game.php?id=1390014"]
[Date "2015.10.21"]
[Round "-"]
[White "BrunoWLP"]
[Black "Rider"]
[Result "0-1"]
[WhiteElo "1739"]
[BlackElo "1634"]

1. Nf3 d5 2. d4 e6 3. g3 Bd7 4. Bg2 Nf6 5. O-O Bb5 6. b3 Bd6 7. Ba3 O-O 8. Bxd6
Qxd6 9. Ne5 Nbd7 10. f4 Qa6 11. Re1 Nxe5 12. fxe5 Ng4 13. e4 h5 14. Nc3 Bc6 15.
Bf3 f5 16. exd5 exd5 17. Bxd5+ Kh8 18. Qd2 Bxd5 19. Nxd5 Qc6 20. c4 Qd7 21. Qg5
c6 22. Nf4 Qxd4+ 23. Kh1 Nf2+ 24. Kg2 Ng4 25. Rf1 Qe4+ 26. Kg1 Kg8 27. Rae1 Qd4+
28. Kg2 Ne3+ 29. Kh3 Nxf1 30. Rxf1 Qxe5 31. Nxh5 Rae8 32. Rf4 Rf7 33. Qg6 Qe6
0-1

[Event "Challenge"]
[Site "http://www.queenalice.com/game.php?id=1390204"]
[Date "2015.10.21"]
[Round "-"]
[White "eduardocosta"]
[Black "BrunoWLP"]
[Result "0-1"]
[WhiteElo "1718"]
[BlackElo "1528"]

1. e3 e5 2. Be2 d5 3. b3 Nc6 4. Bb2 Bd6 5. Nf3 Nf6 6. Bb5 Bd7 7. Bxc6 Bxc6 8.
Bxe5 Bxe5 9. Nxe5 Qd6 10. d4 O-O 11. O-O Nd7 12. Nxd7 Bxd7 0-1

[Event "Challenge"]
[Site "http://www.queenalice.com/game.php?id=1390547"]
[Date "2015.10.23"]
[Round "-"]
[White "BrunoWLP"]
[Black "Teenho"]
[Result "1/2-1/2"]
[WhiteElo "1772"]
[BlackElo "1470"]

1. e4 e5 2. c3 Nf6 3. Qc2 b6 4. d4 d6 5. Nf3 Bb7 6. Bd3 Qe7 7. Bg5 Qe6 8. Nbd2
Qg4 9. O-O h6 10. Bxf6 gxf6 11. Rfe1 Rg8 12. g3 h5 13. Nh4 Qxh4 14. Nf3 Qf4 15.
Qd1 Nd7 16. h4 f5 17. Ng5 Rxg5 18. hxg5 Qxg5 19. exf5 h4 20. Be4 Bxe4 21. Rxe4
hxg3 22. Qf3 gxf2+ 23. Kxf2 O-O-O 24. Rd1 Bg7 25. a4 Rh8 26. Rh1 Rxh1 27. Qxh1
Qxf5+ 28. Ke3 exd4+ 29. cxd4 Bxd4+ 30. Kxd4 Qc5+ 31. Kd3 Qd5+ 32. Ke3 Qb3+ 33.
Kf4 Nf6 34. Qh8+ Kb7 35. Qxf6 Qh3 36. Re3 Qf1+ 37. Ke4 Qxf6 1/2-1/2

[Event "AUTO-INT-3068"]
[Site "http://www.queenalice.com/game.php?id=1390830"]
[Date "2015.10.25"]
[Round "1"]
[White "HELDER"]
[Black "BrunoWLP"]
[Result "0-1"]
[WhiteElo "1724"]
[BlackElo "1668"]

1. e4 e5 2. c3 Nf6 3. d4 exd4 4. cxd4 Nxe4 5. Qf3 d5 6. Nc3 Nxc3 7. Qxc3 Nc6 8.
a3 a6 9. Nf3 Bd6 10. Bg5 f6 11. Bh4 Bf5 12. Qb3 b6 13. Rc1 Na5 14. Qxd5 Bb4+ 15.
axb4 Qxd5 16. bxa5 Qxa5+ 17. Kd1 O-O-O 18. Nd2 Rxd4 19. Ke2 Qxd2+ 20. Kf3 Bg4+
21. Kg3 Qf4# 0-1

[Event "AUTO-INT-3068"]
[Site "http://www.queenalice.com/game.php?id=1390831"]
[Date "2015.10.25"]
[Round "1"]
[White "BrunoWLP"]
[Black "HELDER"]
[Result "0-1"]
[WhiteElo "1701"]
[BlackElo "1708"]

1. e4 e5 2. Nf3 d6 3. d4 d5 4. dxe5 dxe4 5. Qxd8+ Kxd8 6. Nd4 Nc6 7. Nxc6+ bxc6
8. Nc3 Bb4 9. Bd2 Rb8 10. g3 f6 11. Rd1 Bg4 12. Be2 Nh6 13. exf6 Bh3 14. Bxh6+
Kc8 15. fxg7 Rg8 16. Bc4 Re8 17. g8=Q Rxg8 18. Bxg8 Kb7 19. Bc4 Bg2 20. Rg1 Bf3
21. Rb1 Rd8 22. a3 Ba5 23. b4 Bb6 24. Be3 Bd4 25. Rb3 Bxc3+ 26. Bd2 Rxd2 0-1

[Event "AUTO-ADV-3532"]
[Site "http://www.queenalice.com/game.php?id=1393996"]
[Date "2015.11.13"]
[Round "1"]
[White "Canaye"]
[Black "BrunoWLP"]
[Result "1-0"]
[WhiteElo "1982"]
[BlackElo "1718"]

1. d4 d5 2. c4 Nf6 3. Nc3 c6 4. cxd5 cxd5 5. h3 e6 6. Bf4 Nc6 7. e3 a6 8. Bd3 b5
9. a3 b4 10. axb4 Bxb4 11. Ne2 O-O 12. O-O Bd6 13. Bg5 h6 14. Bh4 Be7 15. f4 Nh5
16. Bxe7 Qxe7 17. f5 Nb4 18. Bb1 exf5 19. Bxf5 Bb7 20. Rf3 1-0

[Event "AUTO-ADV-3532"]
[Site "http://www.queenalice.com/game.php?id=1393997"]
[Date "2015.11.13"]
[Round "1"]
[White "BrunoWLP"]
[Black "Canaye"]
[Result "0-1"]
[WhiteElo "1709"]
[BlackElo "1987"]

1. Nf3 e6 2. g3 d5 3. Bg2 c5 4. d3 Nc6 5. O-O Nf6 6. Bg5 Be7 7. Nbd2 O-O 8. Re1
h6 9. Bxf6 Bxf6 10. Rb1 b6 11. e4 dxe4 12. Nxe4 Be7 13. h4 f5 14. Ned2 f4 15.
Nh2 fxg3 16. fxg3 Qc7 17. Ne4 Bb7 18. Re3 Nd4 19. c3 Nf5 0-1

[Event "AUTO-ADV-3532"]
[Site "http://www.queenalice.com/game.php?id=1394024"]
[Date "2015.11.13"]
[Round "1"]
[White "BrunoWLP"]
[Black "Paraucho"]
[Result "0-1"]
[WhiteElo "1702"]
[BlackElo "2107"]

1. e4 c6 2. d4 d5 3. e5 Bf5 4. Nf3 Bg4 5. Be2 Bxf3 6. Bxf3 e6 7. Be3 Qb6 8. b3
c5 9. O-O cxd4 10. Bxd4 Qc7 11. a3 Nc6 12. Re1 Nxd4 13. Qxd4 Ne7 14. Nc3 Nc6 15.
Qf4 a6 0-1

[Event "AUTO-ADV-3532"]
[Site "http://www.queenalice.com/game.php?id=1394025"]
[Date "2015.11.13"]
[Round "1"]
[White "Paraucho"]
[Black "BrunoWLP"]
[Result "1-0"]
[WhiteElo "2106"]
[BlackElo "1718"]

1. e4 e5 2. Bc4 c6 3. Nf3 Qc7 4. c3 d5 5. exd5 cxd5 6. Bxd5 Nf6 7. Bb3 Bg4 8. d3
Bc5 9. O-O Nc6 10. h3 Bh5 11. Qe2 O-O 12. Be3 Bd6 13. Nbd2 h6 14. Rfc1 Rac8 15.
Qe1 Rfe8 16. Nh2 e4 17. Ndf1 exd3 18. Qd2 1-0